Joueurs suisses sélectionnés à l'Euro 2024 - Statistiques

Statistiques générales
  • Ce quiz a été pris 26 fois
  • Le résultat moyen est 20 sur 27
Statistiques - réponses
Poste Club Numéro Joueur % Correct
Attaquant AS Monaco (France) 7 Breel Embolo
100%
Gardien Inter Milan (Italie) 1 Yann Sommer
100%
Milieu de terrain AS Monaco (France) 6 Denis Zakaria
96%
Milieu de terrain Chicago Fire (États-Unis) 23 Xherdan Shaqiri
96%
Défenseur Newcastle United (Angleterre) 22 Fabian Schär
92%
Gardien Borussia Dortmund (Allemagne) 21 Gregor Kobel
92%
Défenseur Manchester City (Angleterre) 5 Manuel Akanji
92%
Milieu de terrain Bayer Leverkusen (Allemagne) 10 Granit Xhaka
88%
Attaquant Bologne FC (Italie) 19 Dan Ndoye
84%
Attaquant AC Milan (Italie) 9 Noah Okafor
84%
Défenseur Torino FC (Italie) 13 Ricardo Rodríguez
84%
Gardien FC Lorient (France) 12 Yvon Mvogo
80%
Milieu de terrain Bologne FC (Italie) 8 Remo Freuler
76%
Milieu de terrain FC Augsbourg (Allemagne) 17 Ruben Vargas
76%
Milieu de terrain Stade Rennais (France) 26 Fabian Rieder
72%
Sélectionneur - - Murat Yakin
72%
Défenseur Borussia Mönchengladbach (Allemagne) 4 Nico Elvedi
72%
Milieu de terrain Toulouse FC (France) 16 Vincent Sierro
72%
Attaquant Burnley FC (Angleterre) 25 Zeki Amdouni
72%
Attaquant Bologne FC (Italie) 20 Michel Aebischer
64%
Défenseur FSV Mayence 05 (Allemagne) 3 Silvan Widmer
64%
Attaquant AEK Athènes (Grèce) 14 Steven Zuber
64%
Attaquant Ludogorets Razgrad (Bulgarie) 18 Kwadwo Duah
56%
Milieu de terrain FC Lugano (Suisse) 11 Renato Steffen
56%
Milieu de terrain FC Lucerne (Suisse) 24 Ardon Jashari
44%
Défenseur VfB Stuttgart (Allemagne) 2 Leonidas Stergiou
44%
Défenseur VfL Wolfsburg (Allemagne) 15 Cédric Zesiger
36%
Aucun quiz correspondant
Distribution des résultats
% des personnes avec chaque résultat
Percentile par nombre de réponses
Votre historique - résultats
Vous n’avez pas pris ce quiz